One Piece quiz ultime 5 - Arc Arlong Park - Statistiques

Statistiques générales
  • Ce quiz a été pris 36 fois
  • Le résultat moyen est 36 sur 103
Statistiques - réponses
Question Réponse % Correct
Qui est le chef de l'équipage des hommes-poissons ? Jinbe
79%
Quel est le nom du groupe de pirates sous les ordres du gouvernement mondial ? Sept grands corsaires /Shichibukai
75%
À quelle famille d'homme-poisson appartient Octy ? Le poulpe
68%
Qui est Nojiko pour Nami ? Sa demi-sœur
68%
De combien de fois un homme-poisson est-il plus ford qu'un humain ? 10 fois
64%
À quelle famille d'homme-poisson appartient Arlong ? Le requin-scie
64%
Qu'est-ce qui tourne sur la casquette de Genzo ? Un moulin à vent
64%
Qui a tué Belmer ? Arlong
61%
Comment s'appelle le village de Nami ? Kokoyashi / Cocoyasi
61%
À quelle organisation Belmer appartenait-elle avant d'adopter Nami et Nojiko ? La Marine
61%
Quelle partie du corps de Luffy est-elle sortie de l'eau par Nojiko ? Sa tête
61%
Que Luffy confie-t-il a Nami avant la bataille ? Son chapeau
61%
Que Nami demande-t-elle a Luffy après avoir été trahie par Arlong ? De l'aide
57%
Quelle est le rêve de Nami ? Dessiner une carte du monde
57%
Quelle est la première chose que Luffy répond à Arlong quand ce dernier lui demande ce qui les différencie tous les deux ? Le nez
57%
Que Nami a-t-elle transpercé sur elle-même avec son couteau, après avoir été trahie par Arlong ? Son tatouage
57%
Qu'a essayé de dessiner Luffy la première fois sur son carnet ? Un homme-poisson
57%
Quelle est la somme dont Nami a besoin pour racheter son village ? 100.000.000
54%
Quel est le montant de la prime d'Arlong ? 20.000.000
54%
Qui balance Luffy à la mer ? Arlong
54%
Qu'est-ce qui peut repousser sans arrêt chez Arlong ? Ses dents
54%
Qu'a utilisé Usopp pour se faire passer pour mort face à Smack ? Une bille au ketchup
54%
Qui intervient pour sauver Genzo en attaquant Arlong ? Usopp
54%
Depuis combien de temps les habitants du village payent un tribut à Arlong ? 8 ans
50%
Avec quoi Arlong brise-t-il le fusil de Belmer ? Avec ses dents
50%
Que Octy crache-t-il sur Luffy ? De l'encre
50%
Quel est le dispositif de communication de l'univers ? Escargophone / Den Den Mushi
50%
Qui a infligé toutes ses cicatrices à Genzo ? Kuroobi
50%
Lorsque Nami a "tué" Usopp, qu'avait-elle en réalité transpercé avec son couteau ? Sa main
50%
Qui a brisé le rocher dans lequel était bloqué Luffy ? Sanji
50%
Quel style de combat utilise Kuroobi ? Gyojin Karate /Karaté des Hommes-Poissons
46%
Que Zoro coupe-t-il à Octy au début de leurs combats ? Ses cheveux
46%
Qu'est-ce qu'Arlong arrache du sol au village de Nami ? Une maison
46%
De combien est le montant du tribut d'Arlong demandé aux adultes ? 100.000
43%
De combien est le montant du tribut d'Arlong demandé aux enfants ? 50.000
43%
Où Luffy a-t-il mis ses pieds pour lancer la technique finale face à Meuh-Meuh ? Dans le sol
43%
Pour la possession de quelles objets, Arlong voulait tuer Genzo ? Des armes
43%
Octy est le combientième meilleur sabreur de l'Île des Hommes-Poissons ? Deuxième
43%
Qu'est-ce que Luffy a mis dans sa bouche pour son fameux plan ? Les dents d'Arlong
43%
Que Sanji a-t-il injecté dans les branchies de Kuroobi ? De l'air
39%
Que contenait la bouteille que Usopp a lancé à Smack ? De l'alcool
39%
Que projette Arlong avec la paume de sa main ? De l'eau
39%
Quelle technique de Luffy ressemble à un filet de pêche ? Gum Gum Filet /Gomu Gomu no Ami
39%
Finalement, qu'attendait Arlong comme réponse à sa question ? La race
39%
Comment certains pirates surnomment Grand Line ? Le paradis
39%
Avec quoi Genzo essai-t-il de briser le rocher dans lequel est prisonier Luffy ? Un marteau
39%
Quel est le montant de la prime d'Octy ? 8.000.000
36%
À quelle espèce animal appartient Meuh-Meuh ? La vache des mers
36%
Que Nami a-t-elle volée à tous les villageois avant de partir ? Leurs portefeuilles
36%
Qui sont les deux personnes à avoir affronté Arlong avant Luffy et son équipage ? Yosaku et Johnny
36%
Combien Nami doit-elle encore réunir pour racheter le village ? 7.000.000
32%
À quoi ressemble la base du colonel Nezumi ? À une souris
32%
De quoi est inspiré Arlong Park ? Du Sabaody Park
32%
À quelle famille d'homme-poisson appartient Kuroobi ? La raie
32%
Dans quelle salle prend fin le combat de Luffy et Arlong ? La salle des cartes
32%
Quel est le surnom d'Arlong ? La scie
32%
Qu'a essayé de dessiner Luffy la troisième fois sur son carnet ? Nami en sirène
32%
De qui Chabo veut-il venger la mort ? Son père
32%
Que représente le nouveau tatouage de Nami ? Une mandarine et un moulin à vent
32%
Que Nami a-t-elle volé au début de son flashback ? Un livre
32%
Avec quelle technique Luffy bat-il Arlong ? Gum Gum Hache /Gomu Gomu no Ono
29%
Pour quelle raison Genzo avait-il un moulin à vent sur sa casquette ? Pour faire rire Nami
29%
Comment s'appelle le contre-amiral envoyé à Arlong Park pour sauver les civils ? Pudding Pudding
29%
Quel objet Octy a-t-il eu peur de se prendre en pleine figure par Usopp ? Un élastique
29%
Que Belmer a-t-elle cousue par dessus le tournesol de la robe de Nami ? Un lion
29%
Avec quelle technique Sanji bat-il Meuh-Meuh ? Collier Shoot
25%
Avec quelle technique Zoro bat-il Octy ? Dragon Slash /Tatsumaki
25%
Qu'est-ce que Luffy cherche pendant toute la fête sans succès ? Du melon au jambon
25%
Quelle est la profession de Genzo ? Gendarme
25%
Quelle technique de Sanji permet-elle de battre Kuroobi ? Mouton Shoot
25%
Quel est le rire d'Arlong ? Shahahaha
25%
Sur quel archipel se situe Arlong Park ? Archipel de Konomi /Conomi
21%
À quel problème les pieds de Luffy sont-ils confrontés suite à cette attaque ? Ils sont bloqués
21%
Avec quelle technique Usopp a-t-il battu Smack ? Usopp Marteau
21%
Avec quelle technique Luffy bat-il Meuh-Meuh ? Gum Gum Tourniquet /Gomu Gomu no Kazagurama
18%
Qui a fait le nouveau tatouage de Nami ? Le docteur Nako
18%
Que représente le premier tatouage de Nami ? L'emblème d'Arlong
18%
À quels animaux est similaire le regard d'Arlong lorsqu'il est fou de rage ? Les monstres marins
18%
Comment s'appelle le docteur du village ? Nako
18%
De quel royaume Nami et Nojiko sont-elles originaire ? Oykot
18%
Quel est le montant de la prime de Smack ? 5.500.000
14%
Quel est le montant de la prime de Kuroobi ? 9.000.000
14%
Quel est le surnom d'Octy ? Aux six lames
14%
À quel branche de la Marine appartient Nezumi ? La 16ème branche
14%
Quelle est la deuxième chose que Luffy répond à Arlong quand ce dernier lui demande ce qui les différencie tous les deux ? La mâchoire
14%
Comment s'appelle le style de combat d'Octy ? Rokûtoryû / Technique des six lames
14%
Qu'est-ce que Nojiko a donnée à Nami avant son départ ? Son bracelet
14%
Avec quoi Nami a-t-elle caché sa blessure ? Un gant
14%
Avec quelle technique Luffy bloque-t-il l'attaque torpille d'Arlong ? Gum Gum Bouclier /Gomu Gomu no Tate
11%
À quel branche de la Marine appartient le contre-amiral ? La 77ème branche
11%
Quelle est la première technique que Zoro utilise face à Octy avec les sabres de Yosaku et Johnny ? La Passe du Loup / Tourou Nagashi
11%
Quelle technique d'Arlong consiste à foncer sur son ennemi comme une torpille ? Shark on Darts
11%
Quel est le nom du navire d'Arlong ? Shark Superb
11%
Quelle plat Octy a-t-il préparé pour Meuh-Meuh ? Un cochon grillé
11%
Qu'a déplacé Octy pour créer un tourbillon et couler les Marines ? Un récif
11%
Combien pèse un seul sabre d'Octy ? 300 Kilos
7%
Kuroobi est combientième dan dans son art martial ? 40ème
7%
Comment s'appelle la ville de Chabo ? Gosa
7%
Comment s'appelle le sabre-scie d'Arlong ? Kiribachi
7%
Quelle est la troisième chose que Luffy répond à Arlong quand ce dernier lui demande ce qui les différencie tous les deux ? Les doigts palmés
7%
À quelle famille d'homme-poisson appartient Smack ? Le sillaginidae
7%
Comment s'appellent les sabres de Yosaku et Johnny ? Nakiri
7%
Qu'est-ce que Kuroobi a trouvé dans la chambre de Nami Une carte au trésor
7%
Aucun quiz correspondant
Distribution des résultats
% des personnes avec chaque résultat
Percentile par nombre de réponses
Votre historique - résultats
Vous n’avez pas pris ce quiz